000 00299nam a22001337a 4500
008 181205b xxu||||| |||| 00| 0 eng d
020 _a9780072318050
041 _aeng
080 _a541
100 _a12
101 _aKIM
245 _aInstructors Manual Chemistry
_cBrandon.c
942 _2udc
_cBK
999 _c52902
_d52902